000 00502nam a22001817a 4500
003 MPLRDC
005 20220104125744.0
008 210129b ||||| |||| 00| 0 eng d
082 _a524.9163 DZ v.2 1983 c.2
100 _a马来西亚华文独立中学统一课程编委会编纂
245 _a物理. 下册
_c
250 _a第二版
260 _a
_b马来亚文化事业有限公
_c1983
300 _b
490 _a初级中学适用
650 _a
942 _cBK
_o524.9163 DZ v.2 1983 c.2
999 _c29879
_d29869